| 000 | 00939nam a22002537a 4500 | ||
|---|---|---|---|
| 999 |
_c8096 _d8096 |
||
| 001 | 21617 | ||
| 003 | BD-DhUAP | ||
| 005 | 20220622112903.0 | ||
| 008 | 220619b19962014 ||||| |||| 001 0ceng d | ||
| 020 | _a9781138226265 | ||
| 040 |
_aDLC _cBD-DhUAP _dBD-DhUAP _beng _eBD-DhUAP |
||
| 082 | 0 | 0 |
_a821.409 PAR _220 |
| 100 | 1 | _aParfitt, George A. E. | |
| 245 | 1 | 0 |
_aEnglish poetry of the seventeenth century / _cGeorge Parfitt. |
| 250 | _aSpecial Indian ed. | ||
| 260 |
_aLondon ; _aNew York : _bRoutledge, _c2014. |
||
| 300 |
_axiii, 288 p. ; _c22 cm. |
||
| 440 | 0 | _aLongman literature in English series | |
| 504 | _aIncludes bibliographical references (p. 265-269) and index. | ||
| 650 | 0 |
_aEnglish poetry _yEarly modern, 1500-1700 _xHistory and criticism. |
|
| 650 | 0 |
_aAesthetics, Modern _y17th century. |
|
| 942 |
_2ddc _cBK |
||